Statistics for World War II

Click here to take the quiz!

General Stats

  • This quiz has been taken 52 times
  • The average score is 8 of 11

Answer Stats

QuestionAnswer% Correct
Who ruled the Germany on World War II?Adolf Hitler
100%
What team won World War II?Allies
93%
What is the most famous battle in World War II?Battle of Stalingrad
86%
What axis member fell first?Italy
86%
What was called operation to attack Soviet Union?Operation Barbarossa
76%
When did World war II start?1st September 1939
74%
When did Japanese attack Pearl Harbor?7th December 1941
67%
Was Finland part of Axis?No
52%
Who was the prime minister of UK when the war started?Neville Chamberlain
50%
Did Soviet attack Japanese in the war period?Yes
40%
Which one of these didn`t get war crimes?Erik Von Manstein
31%

Score Distribution

Percentile by Number Answered

Percent of People with Each Score

Your Score History

You have not taken this quiz